|
|
|
|
| LEADER |
01623nam a2200289 a 4500 |
| 001 |
15749 |
| 003 |
BD-DhAAL |
| 005 |
20241230115207.0 |
| 008 |
110721s2005 enka d 000 0 eng d |
| 020 |
|
|
|a 0194316173
|
| 020 |
|
|
|a 9780194316170
|
| 040 |
|
|
|a CWJ
|c CWJ
|d NLGGC
|d Z5U
|d YDXCP
|d SNU
|d BD-DhAAL
|
| 082 |
0 |
4 |
|a 428.2402465
|2 22
|
| 245 |
0 |
0 |
|a Oxford business English dictionary :
|b for learners of English /
|c edited by Dilys Parkinson ; assisted by Joseph Noble.
|
| 260 |
|
|
|a Oxford :
|b Oxford University Press,
|c 2005.
|
| 300 |
|
|
|a viii, 616 pages ;
|c 22 cm +
|e 1 CD-ROM (sd., col.; 4 3/4 in.).
|
| 520 |
|
|
|a CD-ROM includes: Everything in the dictionary, plus extra words and examples; pronounciation for listening and practicing; search options for words used in Financy, Marketing, HR, etc.; listening exercises to prepare for the BEC exams; grammar and vocabulary exercises.
|
| 526 |
|
|
|a EL-Pro
|x Sadra N Siddiky
CfL Instructor
Course no. : ENG 302
|
| 538 |
|
|
|a System requirements: Windows ME/2000/XP, 300 MHz processor, 64 Mb RAM, 8 Mb graphics memory.
|
| 541 |
|
|
|e 00015749
|a Friends' Book Corner
|
| 650 |
|
0 |
|a English language
|x Business English
|v Dictionaries.
|9 55802
|
| 700 |
1 |
|
|a Parkinson, Dilys.
|9 55803
|
| 700 |
1 |
|
|a Noble, Joseph.
|9 55804
|
| 852 |
1 |
|
|a Ayesha Abed Library
|c Reference Shelf.
|
| 942 |
|
|
|2 ddc
|c BK
|
| 999 |
|
|
|c 11125
|d 11125
|
| 952 |
|
|
|0 0
|1 0
|2 ddc
|4 0
|6 428_240246500000000_OXF
|7 1
|9 17566
|a BRACUL
|b BRACUL
|c REF
|d 2011-07-21
|e Friends' Book Corner
|g 500.00
|l 0
|o 428.2402465 OXF
|p 3010015749
|r 2011-07-21
|t 1
|w 2011-07-21
|y BK
|x Requisitioned by Sadra N Siddiky (CfL Instructor) for the course no. ENG 302.
|